Vista normal
Vista MARC
Entrada Materia (corporativa)
Número de registros utilizados en: 1
001 - CONTROL NUMBER
- control field: 178518
003 - CONTROL NUMBER IDENTIFIER
- control field: Co-BoUCM
005 - DATE AND TIME OF LATEST TRANSACTION
- control field: 20230823120048.0
008 - FIXED-LENGTH DATA ELEMENTS
- fixed length control field: 230823|| aca||aabn | a|a d
040 ## - CATALOGING SOURCE
- Original cataloging agency: Co-BoUCM
- Transcribing agency: Co-BoUCM
110 ## - HEADING--CORPORATE NAME
- Corporate name or jurisdiction name as entry element: Stadtsparkasse Hannover
670 ## - SOURCE DATA FOUND
- Source citation: Work cat.: (Co-BoUCM): Schwitters, Kurt 1887-1948 178514, Kurt Schwitters, catalogue raisonné / , 2000